00887cam a2200265 4500001001300000003000400013005001700017008004100034010001700075040003700092041001100129050002300140070002200163082001200185110004100197245010400238260002300342300001800365490002700383600004900410600004900459700003400508810006200542999001700604agr68000197 DLC20260227111030.0690522s1968 dcu b 001 0 eng c aagr68000197  aU.S. Nat'l. Agr. Libr.cDLCdDLC0 aengmul00aZ881.U4bL5 no. 890 a1.916 L612 no. 8900a016.5812 aNational Agricultural Library (U.S.)10aLinneana in the collection of the National Agricultural Libraryc[compiled by Mortimer L. Naftalin] aWashington,c1968. a43 p.c26 cm.1 aLibrary list ;vno. 8910aLinné, Carl von,d1707-1778xBibliography.13aLinné, Carl von,d1707-1778xBibliography.1 aNaftalin, Mortimer L.,d1921-2 aNational Agricultural Library (U.S.)tLibrary list ;v89. c12501d12501